000 01128nam a2200325 i 4500
001 943
003 KOSZ 005
005 20211203113632.0
008 990421s1983 pl a |000 0 pol
015 _aPB 1984/5589
035 _a(OCoLC)830204701
040 _aWA N
_cWA N
_dKOSZ 005/EG
041 0 _apol
046 _k1979
080 _a621
080 _a(075.8)
100 1 _aSendyka, Bronisław
_d(1937-2015).
_eAutor
245 1 0 _aPodstawy konstrukcji maszyn.
_nT. 2,
_pPrzekładnie zębate, napędy /
_cBronisław Sendyka ; Politechnika Krakowska im. Tadeusza Kościuszki.
250 _aWyd. 3.
260 _aKraków :
_bPK,
_c1983.
300 _a336 s. :
_bfot., rys., wykr. ;
_c24 cm.
380 _aKsiążki.
504 _aBibliogr. s. 335-336.
658 _aInżynieria i technika
655 4 _aPodręczniki akademickie
650 4 _a Konstrukcja maszyn i urządzeń
710 2 _aPolitechnika Krakowska im. Tadeusza Kościuszki
_bWydawnictwo
_4pbl.
856 _uhttp://koha.tu.koszalin.pl/cgi-bin/koha/opac-detail.pl?biblionumber=943
_yKatalog online BPK
942 _2UKD
_cKS
999 _c943
_d943